Sovereign Countries that were Not Mentioned in Yakko's World - Statistics

General Stats
  • This quiz has been taken 20 times
  • The average score is 38 of 54
Answer Stats
Country % Correct
Armenia
89%
Andorra
83%
Belarus
83%
Bosnia & Herzegovina
83%
Croatia
83%
Estonia
83%
Georgia
83%
Tajikistan
83%
Turkmenistan
83%
Uzbekistan
83%
Azerbaijan
78%
Cabo Verde
78%
Dominica
78%
Grenada
78%
Kazakhstan
78%
Kyrgyzstan
78%
Latvia
78%
Serbia & Montenegro
78%
St. Lucia
78%
St. Vincent & the Grenadines
78%
Ukraine
78%
Antigua & Barbuda
72%
Brunei
72%
Comoros
72%
Czech Republic
72%
Eritrea
72%
Kiribati
72%
Lithuania
72%
North Macedonia
72%
San Marino
72%
Slovakia
72%
Slovenia
72%
St. Kitts & Nevis
72%
Vatican City
72%
Marshall Islands
67%
Moldova
67%
Nauru
67%
São Tomé & Príncipe
67%
Seychelles
67%
Tonga
67%
Tuvalu
67%
Central African Republic
61%
Equatorial Guinea
61%
Federated States of Micronesia
61%
Samoa
61%
Solomon Islands
61%
United Arab Emirates
61%
Burkina Faso
56%
Maldives
56%
Mauritius
56%
Singapore
50%
South Africa
50%
Vanuatu
50%
Ivory Coast
39%
No matching quizzes found
Score Distribution
Percent of People with Each Score
Percentile by Number Answered
Your Score History
You have not taken this quiz